[Event "Wroclaw Anderssen Memorial"]
[Site "Wroclaw"]
[Date "2021.07.31"]
[Round "2"]
[White "Brodowski, Piotr"]
[Black "Skrzyczek, Bartlomiej"]
[Result "1-0"]
[WhiteElo "2439"]
[BlackElo "2022"]
[PlyCount "41"]
[EventDate "2021.07.31"]
[EventType "swiss (rapid)"]
[EventRounds "9"]
[EventCountry "POL"]
[SourceTitle "CBM 203 Extra"]
[Source "ChessBase"]
[SourceDate "2021.09.30"]
[SourceVersion "1"]
[SourceVersionDate "2021.09.30"]
[SourceQuality "1"]

1. d4 Nf6 2. Bg5 e6 3. Nd2 h6 4. Bh4 d5 5. e3 Nbd7 6. Bd3 c5 7. c3 Be7 8. f4 b6 9. Ngf3 Bb7 10. 0-0 0-0 11. Ne5 Ne4 12. Bxe7 Qxe7 13. Bxe4 dxe4 14. Qe2 Nf6 15. Nb3 cxd4 16. Nxd4 Rac8 17. Rad1 Rfd8 18. Rd2 Nd5 19. Rfd1 a6 20. c4 Nf6 21. Ndc6 1-0

[Event "Wroclaw Anderssen Memorial"]
[Site "Wroclaw"]
[Date "2021.07.31"]
[Round "4"]
[White "Mlynek, Maksymilian"]
[Black "Skrzyczek, Bartlomiej"]
[Result "0-1"]
[WhiteElo "1502"]
[BlackElo "2022"]
[PlyCount "64"]
[EventDate "2021.07.31"]
[EventType "swiss (rapid)"]
[EventRounds "9"]
[EventCountry "POL"]
[SourceTitle "CBM 203 Extra"]
[Source "ChessBase"]
[SourceDate "2021.09.30"]
[SourceVersion "1"]
[SourceVersionDate "2021.09.30"]
[SourceQuality "1"]

1. d4 Nf6 2. Bf4 e6 3. e3 c5 4. Nf3 d5 5. c3 Bd6 6. Ne5 0-0 7. Nd2 Nc6 8. Bd3 Qc7 9. Ndf3 Ne4 10. h4 f6 11. Nxc6 Bxf4 12. Ne7+ Qxe7 13. exf4 Qd6 14. g3 cxd4 15. Nxd4 Bd7 16. Qc2 e5 17. Ne2 Rae8 18. Bxe4 dxe4 19. fxe5 fxe5 20. 0-0 Bc6 21. Rad1 Qf6 22. Rd2 Qf3 23. Rd6 e3 24. Rxc6 exf2+ 25. Kh2 Qxc6 26. c4 Kh8 27. Nc3 Qf3 28. Nd5 e4 29. Qa4 e3 30. Nxe3 Rxe3 31. Qb4 Qxg3+ 32. Kh1 Qh3# 0-1

[Event "Wroclaw Anderssen Memorial"]
[Site "Wroclaw"]
[Date "2021.07.31"]
[Round "5"]
[White "Skrzyczek, Bartlomiej"]
[Black "Troyke, Christian"]
[Result "1/2-1/2"]
[WhiteElo "2022"]
[BlackElo "2317"]
[PlyCount "173"]
[EventDate "2021.07.31"]
[EventType "swiss (rapid)"]
[EventRounds "9"]
[EventCountry "POL"]
[SourceTitle "CBM 203 Extra"]
[Source "ChessBase"]
[SourceDate "2021.09.30"]
[SourceVersion "1"]
[SourceVersionDate "2021.09.30"]
[SourceQuality "1"]

1. c4 g6 2. Nc3 Bg7 3. g3 Nf6 4. Bg2 0-0 5. e4 d6 6. d4 e5 7. d5 c6 8. Nge2 cxd5 9. cxd5 Na6 10. 0-0 Bd7 11. h3 b5 12. a3 Nc5 13. b4 Na4 14. Nxa4 bxa4 15. Bd2 Bb5 16. Re1 Bc4 17. Qxa4 Nd7 18. Rac1 Nb6 19. Qa5 Qd7 20. Be3 Rfc8 21. Bxb6 axb6 22. Qxb6 Rxa3 23. Rc3 Rxc3 24. Nxc3 Bh6 25. Ra1 Qc7 26. Qxc7 Rxc7 27. Ra8+ Kg7 28. Na4 Bd2 29. Nb6 Bd3 30. Ra3 Bb5 31. Ra2 Rc1+ 32. Kh2 Bc3 33. Nc8 Bxb4 34. Rb2 Rxc8 35. Rxb4 Rc5 36. g4 Kf6 37. Kg3 h6 38. h4 Ke7 39. Rb3 g5 40. hxg5 hxg5 41. Ra3 Rc7 42. Bf3 Rb7 43. Rb3 Ba6 44. Rxb7+ Bxb7 45. Be2 Kd8 46. Kf3 Kc7 47. Ke3 Kb6 48. Bc4 Kc5 49. Be2 Bc8 50. f3 Kb4 51. Bf1 Kc3 52. Be2 Bd7 53. Bf1 Ba4 54. Ba6 Bb3 55. Bc8 Kc2 56. Ba6 Kd1 57. Kf2 Kd2 58. Bb5 Bc2 59. Be8 f6 60. Bc6 Bd3 61. Ba4 Bc4 62. Bc6 Kc3 63. Bb7 Kb4 64. Bc6 Bb5 65. Bb7 Bd7 66. Ba6 Kc5 67. Bd3 Bb5 68. Bc2 Kb4 69. Bd1 Kc3 70. Ke3 Kb4 71. Kd2 Bc4 72. Bc2 Bb3 73. Bd3 Ba4 74. Bb1 Bb5 75. Bc2 Bf1 76. Bd1 Kc4 77. Ke3 Kc3 78. Ba4 Bc4 79. Bd7 Kb4 80. Be6 Bb5 81. Bc8 Kc5 82. Be6 Ba6 83. Bd7 Bb5 84. Be6 Be8 85. Bc8 Kc4 86. Be6 Kc3 87. Bc8 1/2-1/2

[Event "Wroclaw Anderssen Memorial"]
[Site "Wroclaw"]
[Date "2021.07.31"]
[Round "7"]
[White "Skrzyczek, Bartlomiej"]
[Black "Van den Doel, Erik"]
[Result "0-1"]
[WhiteElo "2022"]
[BlackElo "2601"]
[PlyCount "140"]
[EventDate "2021.07.31"]
[EventType "swiss (rapid)"]
[EventRounds "9"]
[EventCountry "POL"]
[SourceTitle "CBM 203 Extra"]
[Source "ChessBase"]
[SourceDate "2021.09.30"]
[SourceVersion "1"]
[SourceVersionDate "2021.09.30"]
[SourceQuality "1"]

1. c4 e5 2. g3 Nf6 3. Bg2 d5 4. cxd5 Nxd5 5. Nf3 Nc6 6. 0-0 Nb6 7. b3 Be7 8. Bb2 f6 9. d4 e4 10. Ne1 f5 11. f3 Nd5 12. Nc2 exf3 13. Bxf3 0-0 14. Nc3 Ncb4 15. Nxd5 Nxd5 16. e4 fxe4 17. Bxe4 Nf6 18. Bg2 c6 19. Qd3 Be6 20. Ne3 Qd7 21. Rad1 Rad8 22. Nc4 Bd5 23. Ne5 Qc8 24. Bxd5+ Nxd5 25. Rxf8+ Rxf8 26. Qe4 Qe6 27. Rf1 Rxf1+ 28. Kxf1 Nb4 29. a3 Nd5 30. Kg2 Nf6 31. Qc2 Qd5+ 32. Kg1 Ne4 33. Qc4 Nd2 34. Qxd5+ cxd5 35. b4 Bd6 36. Kf2 h5 37. Nf3 Nc4 38. Bc1 Kf7 39. Ke2 Kf6 40. Kd3 Kf5 41. Nh4+ Kg4 42. Ke2 b5 43. Nf3 a5 44. bxa5 Nxa5 45. Ne5+ Bxe5 46. dxe5 Kf5 47. Kd3 Nc6 48. e6 Kxe6 49. Bb2 g5 50. h3 Kf5 51. Ke3 g4 52. h4 Ke6 53. Kf4 Kd6 54. Kg5 d4 55. Kxh5 d3 56. Bc3 Ne5 57. Kg5 Ke6 58. h5 Kf7 59. h6 d2 60. h7 d1Q 61. h8Q Qc1+ 62. Kf5 Qc2+ 63. Kg5 Qxc3 64. Qh7+ Ke6 65. Qf5+ Kd5 66. Qf8 Qe3+ 67. Kh5 Qxg3 68. Qa8+ Nc6 69. Qb7 Kc5 70. Kg5 Qf3 0-1

[Event "Opole Termika Rapid op"]
[Site "Opole"]
[Date "2021.07.17"]
[Round "2"]
[White "Skrzyczek, Bartlomiej"]
[Black "Heberla, Bartlomiej"]
[Result "0-1"]
[WhiteElo "2022"]
[BlackElo "2559"]
[PlyCount "56"]
[EventDate "2021.07.17"]
[EventType "swiss (rapid)"]
[EventRounds "9"]
[EventCountry "POL"]
[SourceTitle "CBM 203 Extra"]
[Source "ChessBase"]
[SourceDate "2021.09.30"]
[SourceVersion "1"]
[SourceVersionDate "2021.09.30"]
[SourceQuality "1"]

1. c4 e5 2. Nc3 Nf6 3. Nf3 d6 4. d4 Nbd7 5. g3 Be7 6. Bg2 0-0 7. 0-0 c6 8. e4 a6 9. a4 a5 10. Re1 Re8 11. h3 exd4 12. Nxd4 Nc5 13. Qc2 Bf8 14. Bg5 h6 15. Bf4 Qb6 16. Rad1 Bd7 17. Re2 Rad8 18. Red2 Bc8 19. Nf5 Bxf5 20. exf5 Qb4 21. Bf1 Nce4 22. Nxe4 Nxe4 23. Rd4 Nc5 24. Bxd6 Rxd6 25. Rxd6 Bxd6 26. Rxd6 Qxa4 27. Qxa4 Nxa4 28. b3 Nc5 0-1

[Event "Chorzow op"]
[Site "Chorzow"]
[Date "2007.03.24"]
[Round "3"]
[White "Niestroj, Artur"]
[Black "Skrzyczek, Bartlomiej"]
[Result "0-1"]
[WhiteElo "1817"]
[BlackElo "2008"]
[PlyCount "68"]
[EventDate "2007.03.24"]
[EventType "swiss"]
[EventRounds "9"]
[EventCountry "POL"]
[SourceTitle "EXT 2011"]
[Source "ChessBase"]
[SourceDate "2010.11.26"]
[SourceVersion "1"]
[SourceVersionDate "2010.11.26"]
[SourceQuality "1"]

1. e4 e6 2. d4 d5 3. e5 b6 4. Nf3 Qd7 5. Bd3 Ba6 6. 0-0 Bxd3 7. Qxd3 c5 8. c3 Nc6 9. a3 a5 10. Be3 Nh6 11. Nbd2 Nf5 12. Qb5 Be7 13. Rab1 0-0 14. a4 Nxe3 15. fxe3 Qb7 16. b3 g5 17. g4 Kg7 18. e4 cxd4 19. exd5 Na7 20. Qd3 dxc3 21. d6 cxd2 22. dxe7 Qxe7 23. Qxd2 h6 24. Nd4 Rfd8 25. Rbc1 Qb7 26. Qf2 Rd7 27. Qf6+ Kh7 28. Nf3 Qe4 29. Qxg5 Qxf3 30. Rxf3 hxg5 31. Rf6 Kg7 32. Kf2 Rc8 33. Rxc8 Nxc8 34. Rf3 Ne7 0-1